Racconti Maupassant

সংরক্ষণ করুন:
গ্রন্থ-পঞ্জীর বিবরন
প্রধান লেখক: Guy De Maupassant
বিন্যাস: গ্রন্থ
ভাষা:অজানা বা ভুল ভাষা
ট্যাগগুলো: ট্যাগ যুক্ত করুন
কোনো ট্যাগ নেই, প্রথমজন হিসাবে ট্যাগ করুন!

MARC

LEADER 00000nam a2200000Ia 4500
001 R-1731
003 CODICE-MESSINA
005 20260212102512.0
008 260211s9999 xx 000 0 und d
040 |c importazione_messina 
100 |a Guy De Maupassant 
245 0 |a Racconti Maupassant 
942 |2 ddc  |c BK 
952 |0 0  |1 0  |2 ddc  |4 0  |6 __LETTERATURA  |7 0  |9 32572  |a ME  |b ME  |d 2026-02-11  |l 0  |o  - - LETTERATURA  |p R-1731  |r 2026-02-11 23:53:16  |w 2026-02-11  |x [REVISIONARE]  |y BK 
999 |c 28239  |d 28239